| 000 | 01472cam a2200217 4500 | ||
|---|---|---|---|
| 001 | L136682 | ||
| 008 | 070215n2007 000 0 eng u | ||
| 035 | _a(Sirsi) u136682 | ||
| 041 | 1 |
_aeng _awel |
|
| 050 | _a333.9164 $2 18 | ||
| 110 | 2 |
_aNational Trust _91987 |
|
| 245 | 0 | 0 |
_aShifting shores _bliving with a changing coastline _h[electronic resource] |
| 260 |
_aCardiff _bNational Trust _c2007 |
||
| 520 | _aShows that more than 70% of the National Trust's coastline in Wales, much of it internationally renowned, could be severely affected by coastal erosion and flooding in the next 100 years. Calls for policy-makers to take urgent action to put in place coherent, long-term planning to address the massive impacts of future sea level rise and to enable affected communities, businesses and natural environments to adapt. The report draws on the Trust's experience as the UK's largest owner of coastline and highlights issues to be addressed by the Welsh Assembly Government's plans for adapting to climate change, and forthcoming legislation for the marine environment. | ||
| 590 | _aKA | ||
| 651 | 4 |
_aWales _y1998-2007 |
|
| 690 | _aENVIRONMENTAL AND LAND CONSULTANCY-ENVIRONMENTAL MANAGEMENT-ENVIRONMENTAL CONSERVATION | ||
| 690 |
_aPlanning and development _96259 |
||
| 856 | 4 | 0 |
_uhttps://www.nationaltrust.org.uk/main/w-global/w-localtoyou/w-wales/w-wales-news-shifting_shores.htm _zView the report free of charge at www.nationaltrust.org.uk... |
| 942 | _n0 | ||
| 999 |
_c106473 _d106473 |
||